| 000 | 00709nam a22002057a 4500 | ||
|---|---|---|---|
| 999 |
_c20788 _d20788 |
||
| 003 | OSt | ||
| 005 | 20210310104727.0 | ||
| 008 | 170116b xxu||||| |||| 00| 0 eng d | ||
| 020 | _a0934140790 | ||
| 040 |
_aMMU _cMMU _dMMU _beng |
||
| 050 | 0 | 0 |
_aGV1218.F5 _bR43 1993 |
| 082 | 0 | 0 |
_a793.9 _220 |
| 100 | 1 | _aRedleaf, Rhoda. | |
| 245 | 1 | 0 |
_aBusy fingers, growing minds : _bfinger plays, verses, and activities for whole language learning / _cRhoda Redleaf. |
| 260 |
_aSt. Paul, Minn. : _bRedleaf Press ; _aMt. Rainier, Md. : _bDistributed by Gryphon House, _cc1993. |
||
| 300 |
_a169 p. : _bill. ; _c28 cm. |
||
| 650 | 0 | _aFinger play. | |
| 650 | 0 | _aLanguage experience approach in education. | |
| 942 |
_2lcc _cLOAN LOAN |
||